Privatizácia telekomunikácií v čom záujme?

Bibliographic Details
Main Author: Zeman, Vladimír (Author)
Format: Article
Language:Slovak
ISSN:0139-715X
Subjects:

MARC

LEADER 00000nab a2200000 a 4500
001 vtls000536121
003 SK-MaSNL
005 20260303005659.0
008 150430c1994 xo 0 slo
015 |a SNBRB19rr/mm-uuuuu 
035 |a CL0536259 
040 |a SNKBUCL  |b slo  |c SNKBUCL  |e AACR2 
041 0 |a slo 
044 |a xo  |c SK 
080 |a 654:061.5(437.6):338.246(437.6)  |2 1981 
100 1 |a Zeman, Vladimír  |4 aut  |9 288367 
245 1 0 |a Privatizácia telekomunikácií v čom záujme?  |c Vladimír Zeman 
650 0 7 |a Slovenské telekomunikácie, š.p., Bratislava  |2 snkbucl  |9 901639 
651 7 |a 5100  |2 snkbucl  |9 166206 
655 7 |a články z novín a časopisov  |2 snkbucl  |9 267496 
773 0 |t Technické noviny  |g Roč. 42, č. 41 (1994), s. 1 a 5  |x 0139-715X 
850 |a Slovenská národná knižnica v Martine  |a MTA001 
852 |a SNK  |b KIS3GCP 
958 |a RK 
958 |a SK 
992 |a RBX 
999 |c 1583821  |d 1585751